Statistics for Youngest U.S. Senators Quiz

Click here to take the quiz!

General Stats

  • This quiz has been taken 57 times
    (13 since last reset)
  • The average score is 6 of 10

Answer Stats

AgeBirthdaySenator% Correct
37February 16, 1987DJon Ossoff
100%
39August 2, 1984RJ.D. Vance
70%
44December 31, 1979RJosh Hawley
70%
47July 12, 1976IKyrsten Sinema
70%
45May 11, 1979DLaphonza Butler
60%
50August 3, 1973DChris Murphy
50%
42February 2, 1982RKatie Britt
50%
46July 26, 1977RMarkwayne Mullin
30%
47May 13, 1977RTom Cotton
30%
48June 20, 1975REric Schmitt
20%

Score Distribution

Percentile by Number Answered

Percent of People with Each Score

Your Score History

You have not taken this quiz since the last reset